[Event "South America-ch U10 17th"]
[Site "Guayaquil"]
[Date "2022.01.28"]
[Round "6"]
[White "Ulloa Centeno, Leandro Nicolas"]
[Black "Coaquira Gonzales, Oscar Adriano"]
[Result "0-1"]
[WhiteElo "1446"]
[BlackElo "1197"]
[PlyCount "86"]
[EventDate "2022.01.25"]
[EventType "swiss"]
[EventRounds "9"]
[EventCountry "ECU"]
[SourceTitle "CBM 206 Extra"]
[Source "ChessBase"]
[SourceDate "2022.03.31"]
[SourceVersion "1"]
[SourceVersionDate "2022.03.31"]
[SourceQuality "1"]

1. d4 d5 2. f4 Nf6 3. Nf3 e6 4. e3 c5 5. c3 Nbd7 6. Bd3 Qc7 7. Ne5 Be7 8. Nd2 b6 9. g4 h6 10. 0-0 Bb7 11. Qa4 c4 12. Be2 a6 13. Qc2 g5 14. Nxd7 Qxd7 15. h3 b5 16. a4 Bc6 17. axb5 axb5 18. Rxa8+ Bxa8 19. Nf3 Ne4 20. f5 exf5 21. Ne5 Qd6 22. gxf5 f6 23. Bh5+ Kf8 24. Ng6+ Kg7 25. Nxh8 Kxh8 26. Bg6 Qg3+ 27. Qg2 Qxg2+ 28. Kxg2 b4 29. cxb4 Bxb4 30. Be8 Bb7 31. h4 Ba6 32. hxg5 hxg5 33. Rh1+ Kg7 34. Bg6 Bb5 35. Rh7+ Kf8 36. Rf7+ Kg8 37. Kf3 Ba4 38. Rb7 Bd6 39. Bf7+ Kf8 40. Bxd5 Bd1+ 41. Kxe4 g4 42. Rf7+ Ke8 43. Rxf6 Bf3# 0-1

[Event "ECU-ch Qual Blitz"]
[Site "Chess.com INT"]
[Date "2021.06.25"]
[Round "8"]
[White "Ulloa Centeno, Leandro Nicolas"]
[Black "Carrasco Jacome, Bryan Ricardo"]
[Result "1/2-1/2"]
[WhiteElo "1926"]
[BlackElo "2324"]
[PlyCount "148"]
[EventDate "2021.06.25"]
[EventType "swiss (blitz)"]
[EventRounds "9"]
[EventCountry "ECU"]
[SourceTitle "CBM 203 Extra"]
[Source "ChessBase"]
[SourceDate "2021.09.30"]
[SourceVersion "1"]
[SourceVersionDate "2021.09.30"]
[SourceQuality "1"]

1. f4 c5 2. Nf3 Nc6 3. e4 g6 4. d3 Bg7 5. Be2 e6 6. 0-0 Nge7 7. Nc3 d5 8. e5 Nf5 9. g4 Nfd4 10. Be3 h5 11. g5 Nxf3+ 12. Bxf3 d4 13. Nb5 dxe3 14. Nd6+ Kf8 15. Bxc6 bxc6 16. Qf3 Qb6 17. Qxe3 Kg8 18. Nc4 Qb5 19. a4 Qb4 20. c3 Qb7 21. Qxc5 Bf8 22. Qe3 Qc7 23. b4 Ba6 24. Nb2 Qd7 25. Rfd1 Be7 26. Nc4 Kg7 27. Rdb1 Bxc4 28. dxc4 Rhd8 29. Rf1 Qd3 30. Rf3 Qxc4 31. Raf1 Rd5 32. Qf2 Rd3 33. Rxd3 Qxd3 34. Qf3 Qxf3 35. Rxf3 Rd8 36. Kg2 Rd2+ 37. Rf2 Rd3 38. Rf3 Rd1 39. Rf1 Rd5 40. Rb1 a6 41. c4 Rd4 42. b5 cxb5 43. axb5 axb5 44. cxb5 Rd7 45. Kf3 Kf8 46. Ke4 Bc5 47. Rc1 Bb6 48. Rc6 Rb7 49. Kd3 Ke7 50. h3 Kd7 51. Rd6+ Ke7 52. Rc6 Ba7 53. Kc4 Be3 54. Kb4 Bxf4 55. Ka5 Bxe5 56. Ka6 Rb8 57. b6 f6 58. gxf6+ Kxf6 59. b7 g5 60. Rc8 g4 61. hxg4 hxg4 62. Ka7 Rxb7+ 63. Kxb7 g3 64. Rg8 Kf5 65. Kc6 Bf4 66. Kc5 Bg5 67. Rf8+ Kg4 68. Rf1 g2 69. Rb1 Kf3 70. Kd6 Bd2 71. Kxe6 Kf2 72. Kf5 Ke2 73. Rg1 Kf2 74. Rxg2+ Kxg2 1/2-1/2

[Event "Preinscritos IRT Online"]
[Site "Chess.com INT"]
[Date "2020.12.26"]
[Round "6"]
[White "Mendoza Zambrano, Jose Paul"]
[Black "Ulloa Centeno, Leandro Nicolas"]
[Result "0-1"]
[WhiteElo "1408"]
[BlackElo "1855"]
[PlyCount "62"]
[EventDate "2020.12.26"]
[EventType "swiss"]
[EventRounds "11"]
[EventCountry "ECU"]
[SourceTitle "CBM 200 Extra"]
[Source "ChessBase"]
[SourceDate "2021.03.31"]
[SourceVersion "1"]
[SourceVersionDate "2021.03.31"]
[SourceQuality "1"]

1. e4 e6 2. d4 d5 3. e5 c5 4. c3 Nc6 5. Nf3 Qb6 6. Bd3 Bd7 7. Bc2 Nge7 8. a3 g6 9. 0-0 Bg7 10. b4 c4 11. Re1 0-0 12. Bg5 Nf5 13. Bxf5 exf5 14. Nbd2 Rae8 15. Nf1 h6 16. Bd2 Nd8 17. Qc1 Kh7 18. h4 Ne6 19. g3 Qd8 20. Kg2 f6 21. exf6 Qxf6 22. Ne5 Bc6 23. Nxc6 bxc6 24. Bf4 Nxf4+ 25. Qxf4 Re4 26. Rxe4 fxe4 27. Qxf6 Rxf6 28. Ne3 h5 29. Rf1 Rf3 30. Nd1 Bh6 31. Re1 Rd3 0-1

[Event "ECU Clasif2 U13"]
[Site "Chess.com INT"]
[Date "2020.12.18"]
[Round "2"]
[White "Salazar Flores, Yerick Alexander"]
[Black "Ulloa Centeno, Leandro Nicolas"]
[Result "0-1"]
[WhiteElo "1192"]
[BlackElo "1353"]
[PlyCount "50"]
[EventDate "2020.12.18"]
[EventType "swiss"]
[EventRounds "9"]
[EventCountry "ECU"]
[SourceTitle "EXT 2022"]
[Source "ChessBase"]
[SourceDate "2021.10.06"]
[SourceVersion "1"]
[SourceVersionDate "2021.10.06"]
[SourceQuality "1"]

1. d4 f5 2. c4 Nf6 3. Nc3 g6 4. f3 Bg7 5. e4 fxe4 6. fxe4 d6 7. Nf3 Nc6 8. Be2 0-0 9. 0-0 Bg4 10. h3 Bxf3 11. Bxf3 e5 12. d5 Nd4 13. Be3 Nxf3+ 14. Rxf3 Qd7 15. a4 Nh5 16. b3 Rxf3 17. Qxf3 Rf8 18. Qd1 Nf4 19. Ra2 Bh6 20. Bxf4 Bxf4 21. Ne2 Be3+ 22. Kh1 Rf2 23. Ra1 Qf7 24. Ng1 Qf4 25. Qd3 Qg3 0-1

[Event "ECU Clasif1 U13"]
[Site "Chess.com INT"]
[Date "2020.12.17"]
[Round "1"]
[White "Ulloa Centeno, Leandro Nicolas"]
[Black "Pinargote Balcazar, Erick Alejandro"]
[Result "1-0"]
[WhiteElo "1353"]
[BlackElo "1159"]
[PlyCount "55"]
[EventDate "2020.12.17"]
[EventType "swiss"]
[EventRounds "9"]
[EventCountry "ECU"]
[SourceTitle "EXT 2022"]
[Source "ChessBase"]
[SourceDate "2021.10.06"]
[SourceVersion "1"]
[SourceVersionDate "2021.10.06"]
[SourceQuality "1"]

1. e4 c5 2. Nc3 Nc6 3. f4 g6 4. Nf3 Bg7 5. d3 d6 6. Be2 Nf6 7. 0-0 0-0 8. Bd2 Bg4 9. h3 Bxf3 10. Bxf3 Nd4 11. Rb1 a6 12. Ne2 Nxf3+ 13. Rxf3 b5 14. g4 c4 15. Ng3 Qb6+ 16. Be3 Qc7 17. f5 cxd3 18. cxd3 Qc6 19. Rc1 Qb7 20. g5 Rac8 21. gxf6 Bxf6 22. Rf2 Rxc1 23. Qxc1 Bh4 24. Kh2 Qb8 25. Bf4 e5 26. Bg5 Bxg3+ 27. Kxg3 Qc7 28. Qxc7 1-0

[Event "ECU-ch Schools U13 Clas1"]
[Site "Chess.com INT"]
[Date "2020.11.18"]
[Round "8"]
[White "Salas Ona, Juan Andres"]
[Black "Ulloa Centeno, Leandro Nicolas"]
[Result "0-1"]
[WhiteElo "1030"]
[BlackElo "1353"]
[PlyCount "120"]
[EventDate "2020.11.18"]
[EventType "swiss"]
[EventRounds "9"]
[EventCountry "ECU"]
[SourceTitle "CBM 199 Extra"]
[Source "ChessBase"]
[SourceDate "2021.01.31"]
[SourceVersion "1"]
[SourceVersionDate "2021.01.31"]
[SourceQuality "1"]

1. e4 c5 2. c3 Nc6 3. d4 cxd4 4. cxd4 g6 5. Nf3 Bg7 6. Be3 d6 7. Nc3 Nf6 8. h3 0-0 9. Qd2 Re8 10. Bh6 Bh8 11. Bd3 Qa5 12. 0-0 Nd7 13. Qf4 Nxd4 14. Nxd4 Bxd4 15. Rfd1 Qe5 16. Qf3 Bxc3 17. bxc3 Qxc3 18. Rac1 Qf6 19. Qg3 Ne5 20. Bb5 Bd7 21. Bxd7 Nxd7 22. Rc7 Nc5 23. Bg5 Nxe4 24. Bxf6 Nxg3 25. Rxe7 Nf5 26. Rxe8+ Rxe8 27. Bc3 h5 28. g4 hxg4 29. hxg4 Nh6 30. Rxd6 Nxg4 31. Rd7 Ne5 32. Rxb7 Nc6 33. Rc7 Ne7 34. Rxa7 Nd5 35. Bd4 f5 36. Ra6 Kh7 37. Ra7+ Kh6 38. Kg2 Kh5 39. Rh7+ Kg4 40. f3+ Kf4 41. Rh4+ Kg5 42. Rh7 Re2+ 43. Kg3 f4+ 44. Kh3 Rxa2 45. Rd7 Ne3 46. Bc5 Nf5 47. Rd5 Re2 48. Bf8 Re1 49. Kg2 Kf6 50. Bb4 Ne3+ 51. Kf2 Rf1+ 52. Ke2 Nxd5 53. Kxf1 Nxb4 54. Ke2 Kf5 55. Kf2 g5 56. Kg2 g4 57. fxg4+ Kxg4 58. Kf2 f3 59. Ke1 Kg3 60. Kf1 f2 0-1

[Event "ECU-ch Schools U09 Clas1"]
[Site "Chess.com INT"]
[Date "2020.11.05"]
[Round "3"]
[White "Pacheco Rodriguez, Andres Emir"]
[Black "Ulloa Centeno, Leandro Nicolas"]
[Result "0-1"]
[WhiteElo "1148"]
[BlackElo "1353"]
[PlyCount "104"]
[EventDate "2020.11.05"]
[EventType "swiss"]
[EventRounds "9"]
[EventCountry "ECU"]
[SourceTitle "EXT 2022"]
[Source "ChessBase"]
[SourceDate "2021.10.06"]
[SourceVersion "1"]
[SourceVersionDate "2021.10.06"]
[SourceQuality "1"]

1. e4 c5 2. Nf3 Nc6 3. c4 g6 4. d4 cxd4 5. Nxd4 Bg7 6. Be3 d6 7. Be2 Bd7 8. 0-0 Nf6 9. Nc3 0-0 10. f3 a6 11. Qd2 Re8 12. Rfd1 Qa5 13. b3 Rac8 14. Rac1 Qd8 15. Bf1 Qa5 16. Qf2 Qh5 17. g3 Nxd4 18. Bxd4 g5 19. g4 Qg6 20. Be3 Bc6 21. Bg2 h5 22. gxh5 Qxh5 23. Qg3 g4 24. Bd4 e5 25. Be3 Re6 26. fxg4 Qxg4 27. Bh3 Qxg3+ 28. hxg3 Rce8 29. Bxe6 Rxe6 30. Nd5 Nxe4 31. Bf2 Bh6 32. Rc2 Kh7 33. Re1 Ng5 34. Rc3 e4 35. Kf1 Bxd5 36. cxd5 Rf6 37. Re2 Nh3 38. Kg2 Ng5 39. Be3 Rf3 40. Bxg5 Rxc3 41. Bxh6 Kxh6 42. Rxe4 Rc2+ 43. Kh3 Rxa2 44. Rf4 Kg6 45. Rg4+ Kf6 46. Rf4+ Ke7 47. Re4+ Kf8 48. Rc4 Rb2 49. Rb4 b5 50. Kg4 Rd2 51. Kf4 Rxd5 52. Ke4 Rc5 0-1